• 首页
  • 本馆介绍
  • 公告通知
  • 最新文献
  • 馆藏检索
  • 电子资源
  • 读者导购
  • 参考咨询
  • 我的图书馆
  • 登录
  • 详细信息显示
  • 放入我的书架
  • 随书关联资源信息
  • 预约/预借图书
  • 作者相关作品
  • 分类相关作品
  • 丛书相关作品
  • 出版社相关作品

书目信息

  • 表格格式
  • 工作单格式
  • 卡片格式
题名:
Access数据库程序设计全真模拟试卷, 二级
    
 
作者: 邱代燕 编著
分册:  
出版信息: 北京   清华大学出版社  2007
页数: 236页
开本: 29cm
丛书名:
单 册:
中图分类: TP311.138AC , TP311.138-44
科图分类:
主题词: 数据库管理系统--程序设计--考核--自学参考资料 , 程序设计 , 数据库管理系统
电子资源:
ISBN: 978-7-302-14479-3(含光盘)
000 01168nam0 2200313 450
000 01141nam0 2200301 450
000 01067nam0 2200277 450
000 01031nam0 2200265 45
005 20070606141536.07
010    @a978-7-302-14479-3(含光盘)@dCNY29.00
100    @a20070521d2007 em y0chiy0120 ea
101 0  @achi
102    @aCN@b110000
105    @ay q 000yy
200 1  @aAccess数据库程序设计全真模拟试卷, 二级@AAccess Shu Ju Ku Cheng Xu She Ji Quan Zhen Mo Ni Shi Juan , Er Ji@f邱代燕等编著@FQiu Dai Yan Deng Bian Zhu
210    @a北京@c清华大学出版社@d2007
215    @a236页@d29cm@e光盘1片
300    @a全国计算机等级考试指定教材配套辅导
307    @a附光盘:ISBN 978-7-89486-265-5
330    @a本书针对全国计算机等级考试,提供了多套全真模拟试题,每套试题都分为4部分:笔试题、笔试题答案和解析、上机题、上机题答案和解析。
606 0  @a数据库管理系统@x程序设计@x考核@j自学参考资料
606 0  @a程序设计
606 0  @a数据库管理系统
610 1  @aAccess
690    @aTP311.138AC@v4
690    @aTP311.138-44@v3
701  0 @a邱代燕@AQiu Dai Yan@c(女,@f1979~)@4编著
801  0 @aCN@bTAOJIN@c20070606
905    @a10447@dTP311.138-44@e287
    
    Access数据库程序设计全真模拟试卷, 二级/邱代燕等编著.-北京:清华大学出版社,2007
    236页;29cm+光盘1片
    全国计算机等级考试指定教材配套辅导
    
    ISBN 978-7-302-14479-3(含光盘):CNY29.00
    本书针对全国计算机等级考试,提供了多套全真模拟试题,每套试题都分为4部分:笔试题、笔试题答案和解析、上机题、上机题答案和解析。
●
相关链接 在E读中查询图书 在五车中查询图书 在当当中查询图书 在豆瓣中查询图书


正题名:Access数据库程序设计全真模拟试卷, 二级     索取号:TP311.138-44/287         预约/预借

序号 登录号 条形码 馆藏地/架位号 状态 备注
1 0526165   205261651   第二样本阅览室/ [索取号:TP311.138-44/287] 在馆    
2 0526166   205261660   第三借阅区/ [索取号:TP311.138-44/287] 在馆    
3 0526167   205261679   第三借阅区/ [索取号:TP311.138-44/287] 在馆    
4 0526168   205261688   第三借阅区/ [索取号:TP311.138-44/287] 在馆    
5 0526169   205261697   第三借阅区/ [索取号:TP311.138-44/287] 在馆    
6 0526170   205261704   第三借阅区/ [索取号:TP311.138-44/287] 在馆    
7 0526171   205261713   第三借阅区/ [索取号:TP311.138-44/287] 在馆    
8 0526172   205261722   第三借阅区/ [索取号:TP311.138-44/287] 在馆    

本书有关联资源:

1 .光盘  /ISO  :Access数据库程序设计全真模拟试卷二级 /邱代燕 下载
唐山师范学院图书馆 欢迎您!
大连网信软件有限公司© 版权所有